LEADER 00872nam0 2200265 450 001 000028030 005 20111021161117.0 010 $a978-88-568-1129-2 100 $a20101117d2009----km-y0itay50------ba 101 0 $aita 102 $aIT 105 $ay-------001yy 200 1 $aTeoria e prassi della "dominazione finanziaria"$esulle pretese monetarie dell'adorazione sessuale nell'ordo informaticus$fMichelangelo Pascali 210 $aMilano$cFranco Angeli$dc2009 215 $a260 p.$d23 cm 225 2 $aSociologia$v655 410 0$12001$aSociologia 610 1 $aSociologia$aSesso 676 $a306.77$v22 700 1$aPascali,$bMichelangelo$0329351 801 0$aIT$bUNIPARTHENOPE$c20101115$gRICA$2UNIMARC 912 $a000028030 951 $a306-T/1$b42766$cNAVA1$d2010 996 $aTeoria e prassi della "dominazione finanziaria"$91211319 997 $aUNIPARTHENOPE